<?xml version="1.0" encoding="UTF-8"?>
<record
    xmlns:xsi="http://www.w3.org/2001/XMLSchema-instance"
    xsi:schemaLocation="http://www.loc.gov/MARC21/slim http://www.loc.gov/standards/marcxml/schema/MARC21slim.xsd"
    xmlns="http://www.loc.gov/MARC21/slim">

  <leader>00919nam a22001937a 4500</leader>
  <controlfield tag="008">090802t        xxu||||| |||| 00| 0 eng d</controlfield>
  <datafield tag="020" ind1=" " ind2=" ">
    <subfield code="a">9770187798</subfield>
  </datafield>
  <datafield tag="082" ind1=" " ind2=" ">
    <subfield code="2">21</subfield>
    <subfield code="a">327.1</subfield>
    <subfield code="b">&#x639; &#x628; &#x62F;</subfield>
  </datafield>
  <datafield tag="100" ind1=" " ind2=" ">
    <subfield code="9">8302</subfield>
    <subfield code="a">&#x64A;&#x633;&#x64A;&#x646; , &#x627;&#x644;&#x633;&#x64A;&#x62F;.</subfield>
  </datafield>
  <datafield tag="245" ind1=" " ind2=" ">
    <subfield code="a">&#x627;&#x644;&#x62D;&#x631;&#x628; &#x627;&#x644;&#x643;&#x648;&#x646;&#x64A;&#x629; &#x627;&#x644;&#x62B;&#x627;&#x644;&#x62B;&#x629; :</subfield>
    <subfield code="b">&#x639;&#x627;&#x635;&#x641;&#x629; &#x633;&#x628;&#x62A;&#x645;&#x628;&#x631; &#x648;&#x627;&#x644;&#x633;&#x644;&#x627;&#x645; &#x627;&#x644;&#x639;&#x627;&#x644;&#x645;&#x649; /</subfield>
    <subfield code="c">&#x627;&#x644;&#x633;&#x64A;&#x62F; &#x64A;&#x633;&#x64A;&#x646;.</subfield>
  </datafield>
  <datafield tag="260" ind1=" " ind2=" ">
    <subfield code="a">&#x627;&#x644;&#x642;&#x627;&#x647;&#x631;&#x629; :</subfield>
    <subfield code="b">&#x627;&#x644;&#x647;&#x64A;&#x626;&#x629; &#x627;&#x644;&#x645;&#x635;&#x631;&#x64A;&#x629; &#x627;&#x644;&#x639;&#x627;&#x645;&#x629; &#x644;&#x644;&#x643;&#x62A;&#x627;&#x628; ,</subfield>
    <subfield code="c">2003.</subfield>
  </datafield>
  <datafield tag="300" ind1=" " ind2=" ">
    <subfield code="a">411 &#x635;&#x61B;</subfield>
    <subfield code="c">29 &#x633;&#x645;.</subfield>
  </datafield>
  <datafield tag="490" ind1=" " ind2=" ">
    <subfield code="a">&#x645;&#x643;&#x62A;&#x628;&#x629; &#x627;&#x644;&#x623;&#x633;&#x631;&#x629; . &#x633;&#x644;&#x633;&#x644;&#x629; &#x627;&#x644;&#x623;&#x639;&#x645;&#x627;&#x644; &#x627;&#x644;&#x643;&#x627;&#x645;&#x644;&#x629;.</subfield>
  </datafield>
  <datafield tag="650" ind1=" " ind2=" ">
    <subfield code="9">8303</subfield>
    <subfield code="a">&#x62A;&#x627;&#x631;&#x64A;&#x62E;</subfield>
    <subfield code="z">&#x623;&#x645;&#x631;&#x64A;&#x643;&#x627;</subfield>
  </datafield>
  <datafield tag="650" ind1=" " ind2=" ">
    <subfield code="9">8304</subfield>
    <subfield code="a">&#x627;&#x644;&#x625;&#x631;&#x647;&#x627;&#x628;.</subfield>
  </datafield>
  <datafield tag="650" ind1=" " ind2=" ">
    <subfield code="9">8305</subfield>
    <subfield code="a">&#x627;&#x644;&#x623;&#x62D;&#x648;&#x627;&#x644; &#x627;&#x644;&#x633;&#x64A;&#x627;&#x633;&#x64A;&#x629;</subfield>
    <subfield code="z">&#x623;&#x645;&#x631;&#x64A;&#x643;&#x627;</subfield>
  </datafield>
  <datafield tag="942" ind1=" " ind2=" ">
    <subfield code="2">ddc</subfield>
    <subfield code="c">BB</subfield>
  </datafield>
  <datafield tag="999" ind1=" " ind2=" ">
    <subfield code="c">12502</subfield>
    <subfield code="d">12502</subfield>
  </datafield>
  <datafield tag="952" ind1=" " ind2=" ">
    <subfield code="0">0</subfield>
    <subfield code="1">0</subfield>
    <subfield code="2">ddc</subfield>
    <subfield code="3">Lost_In_Inventory_11-6-2024</subfield>
    <subfield code="4">0</subfield>
    <subfield code="7">0</subfield>
    <subfield code="8"> </subfield>
    <subfield code="a">MAIN</subfield>
    <subfield code="b">MAIN</subfield>
    <subfield code="c">1ST</subfield>
    <subfield code="d">2009-08-02</subfield>
    <subfield code="e">purchase</subfield>
    <subfield code="l">0</subfield>
    <subfield code="o">327.1 &#x64A;&#x633;&#x64A;</subfield>
    <subfield code="p">000017832</subfield>
    <subfield code="r">2025-07-15 00:00:00</subfield>
    <subfield code="y">BB</subfield>
  </datafield>
</record>
